| 000 | 00384nam a2200145Ia 4500 | ||
|---|---|---|---|
| 008 | 231129s1994||||xx |||||||||||||| ||spa|| | ||
| 020 | _a84-204-2999-6 | ||
| 040 | _bspa | ||
| 082 | _aU813.5 R845u | ||
| 100 | _aRoth Henry | ||
| 245 | 0 | _aUna estrella brilla sobre Mount Morris Park | |
| 260 | _c1994 | ||
| 264 | _aAlfaguara | ||
| 942 |
_2ddc _cBKS |
||
| 999 |
_c25946 _d25946 |
||